Sports Quiz

Random Sports or Basketball Quiz

Top 10 Basketball Players from New York State (points) Quiz Stats

 Plays Quiz not verified by Sporcle

Challenge
Share
Tweet
Embed
Score 0/10 Timer 10:00
0 Plays Today
Points Player % Correct
19,655 ptsBernard King
60%
18,364 ptsJulius Erving
60%
16,481 ptsTiny Archibald
60%
18,438 ptsDolph Schayes
40%
17, 995 ptsWorld B. Free
20%
17,772 ptsLenny Wilkens
20%
19,248 ptsBob Lanier
0%
17, 911 ptsChris Mullin
0%
17, 623 ptsRolando Blackman
0%
16,960 ptsBob Cousy
0%

You're not logged in!

Compare scores with friends on all Sporcle quizzes.
OR
Log In

You Might Also Like...

Show Comments

Extras

Top Quizzes Today


Score Distribution

Your Account Isn't Verified!

In order to create a playlist on Sporcle, you need to verify the email address you used during registration. Go to your Sporcle Settings to finish the process.

Report this User

Report this user for behavior that violates our Community Guidelines.

Details: